Po stopách Economic Order Quantity

Postavenie modelu Economic Order Quantity v teórii zásob. Harrisov model. Wilsonov model. Stochastická forma EOQ. Nedostatky modelu EOQ a jeho finančné dôsledky.

Saved in:
Bibliographic Details
Main Author: Matura, Josef
Other Authors: Marek, Petr
Format: Book Chapter
Language:Czech
Subjects:
Tags: Add Tag
No Tags, Be the first to tag this record!

MARC

LEADER 00000naa$a2200000$$$4500
001 0089594
005 20231116104551.4
041 0 |a cze 
044 |a CZ 
245 1 0 |a Po stopách Economic Order Quantity  |c Josef Matura, Petr Marek 
520 |a Postavenie modelu Economic Order Quantity v teórii zásob. Harrisov model. Wilsonov model. Stochastická forma EOQ. Nedostatky modelu EOQ a jeho finančné dôsledky. 
610 2 0 |a teória zásob 
610 2 0 |a modely stochastické 
610 2 0 |a manažment finančný 
610 2 0 |a riadenie zásob 
610 2 0 |a plánovanie zásob 
610 2 0 |a náklady 
100 1 |a Matura, Josef 
700 1 |a Marek, Petr